Statistiche per Capitale Africana Casuale per Paese

Clicka qui per fare il quiz!

Statistiche generali

  • Questo quiz è stato fatto 384 volte
  • Il punteggio medio è 8 su 10

Statistiche sulle risposte

CapitalePaese% Corretto
Il CairoEgitto
100%
RabatMarocco
100%
AlgeriAlgeria
98%
TripoliLibia
98%
Addis AbebaEtiopia
96%
NairobiKenya
95%
AntananarivoMadagascar
95%
KinshasaRepubblica Democratica del Congo
95%
TunisiTunisia
95%
GibutiGibuti
94%
BissauGuinea-Bissau
93%
São ToméSao Tome e Principe
93%
Pretoria, Città del Capo,
Bloemfontein
Sudafrica
91%
AsmaraEritrea
90%
DakarSenegal
89%
MonroviaLiberia
88%
MogadiscioSomalia
88%
AccraGhana
87%
YaoundéCamerun
86%
LuandaAngola
84%
OuagadougouBurkina Faso
84%
WindhoekNamibia
84%
BrazzavilleRepubblica del Congo
83%
KhartumSudan
83%
NiameyNiger
82%
YamoussoukroCosta d'Avorio
79%
MaputoMozambico
79%
AbujaNigeria
79%
LoméTogo
79%
PraiaCapo Verde
78%
ConakryGuinea
78%
Porto-Novo | CotonouBenin
77%
KigaliRuanda
77%
LilongweMalawi
76%
DodomaTanzania
76%
VictoriaSeychelles
75%
FreetownSierra Leone
75%
LusakaZambia
75%
GitegaBurundi
74%
GiubaSud Sudan
73%
MbabaneSwaziland
73%
LibrevilleGabon
72%
BamakoMali
72%
KampalaUganda
72%
MoroniComoros
70%
Port LouisMauritius
70%
HarareZimbabwe
70%
MalaboGuinea Equatoriale
68%
GaboroneBotswana
65%
BanjulGambia
65%
MaseruLesotho
65%
NouakchottMauritania
65%
N'DjamenaCiad
61%
BanguiRepubblica Centrafricana
59%

Distribuzione punteggi

Percentile per numero di risposta

Percentuale di utenti per punteggio

I tuoi punteggi nel tempo

Non hai fatto questo quiz